000 00880nam a22002297a 4500
005 20240530110418.0
008 141020s2010 ua gr 000 0dara d
017 _a20497/2009
_bمصر . دار الكتب
020 _a9789773286540
040 _aEG-CaGPL
082 0 4 _221
_a372.358\
_bس ت
100 0 _aسماح محمد الدسوقى
245 1 2 _aالتربية الاعلامية بالتعليم الاساسى فى عصر العولمة /
_cسماح محمد الدسوقى
260 _aالاسكندرية :
_bدار الجامعة الجديدة ،
_c2010
300 _a464 ص ؛
_c24 سم
650 0 4 _aالتعليم الاساسى
650 0 4 _aتعليم الاطفال
650 0 4 _aالتعليم الابتدائى
650 0 4 _aالتعليم الابتدائى
_xالاعلام
942 _2ddc
_cBK
999 _c60606
_d60606